[Event "IV Festival Costa Viola B"]
[Site "Sant'Eufemia d'Aspromonte ITA"]
[Date "2011.01.02"]
[Round "1"]
[White "Della Rocca, Giorgio"]
[Black "Mercuri, Delia"]
[Result "1-0"]
[WhiteElo "1881"]
[BlackElo "1571"]
[PlyCount "43"]
[EventDate "2011.01.02"]

1. e4 e5 2. Nf3 Nf6 3. Nxe5 Qe7 4. d4 Nxe4 5. Bd3 d5 6. O-O Nf6 7. Re1 Be6 8.
Nc3 c6 9. f4 Qb4 10. f5 Qxd4+ 11. Kh1 Bd6 12. Nf3 Qb6 13. fxe6 O-O 14. exf7+
Rxf7 15. Ng5 Re7 16. Rxe7 Bxe7 17. Qe2 Qc7 18. Qe6+ Kh8 19. Nf7+ Kg8 20. Nh6+
Kh8 21. Qg8+ Nxg8 22. Nf7# 1-0

[Event "IV Festival Costa Viola B"]
[Site "Sant'Eufemia d'Aspromonte ITA"]
[Date "2011.01.02"]
[Round "1"]
[White "Vacchiano, Salvatore"]
[Black "Tricomi, Massimo"]
[Result "0-1"]
[WhiteElo "1566"]
[BlackElo "1881"]
[PlyCount "116"]
[EventDate "2011.01.02"]

1. e4 c5 2. b4 cxb4 3. d4 d5 4. e5 Nc6 5. f4 Qb6 6. Nf3 Bg4 7. Bb2 Nh6 8. Nbd2
Nf5 9. h3 Bxf3 10. Nxf3 Ng3 11. Rg1 Nxf1 12. Rxf1 e6 13. Qd3 Be7 14. f5 O-O-O
15. fxe6 fxe6 16. h4 Rdf8 17. O-O-O Na5 18. Ng5 Bxg5+ 19. hxg5 Nc4 20. Rxf8+
Rxf8 21. Qxh7 Qc7 22. Qg6 Qf7 23. Qd3 Qf4+ 24. Kb1 Qxg5 25. g3 Qe3 26. Qg6 Qh6
27. Qd3 Qg5 28. Bc1 Qe7 29. Rf1 Kb8 30. Rxf8+ Qxf8 31. Bf4 Qc8 32. Qg6 Qd7 33.
Qd3 a6 34. Qb3 Qb5 35. a4 bxa3 36. Qxb5 axb5 37. Bg5 Kc7 38. Be7 Kd7 39. Bf8 g6
40. Ka2 Ne3 41. c3 g5 42. Bh6 Nd1 43. Bxg5 Nxc3+ 44. Kxa3 Ne2 45. g4 Nxd4 46.
Kb4 Nc6+ 47. Kxb5 Nxe5 48. Kb6 Nxg4 49. Kxb7 Kd6 50. Kb6 d4 51. Kb5 Kd5 52. Kb4
Ke4 53. Kb3 Kd3 54. Kb2 e5 55. Kc1 Ke2 56. Kc2 e4 57. Bc1 d3+ 58. Kc3 e3 0-1

[Event "IV Festival Costa Viola B"]
[Site "Sant'Eufemia d'Aspromonte ITA"]
[Date "2011.01.02"]
[Round "1"]
[White "Serratore, Vincenzo"]
[Black "Fiorentino, Vincenzo"]
[Result "1-0"]
[WhiteElo "1874"]
[BlackElo "1563"]
[PlyCount "141"]
[EventDate "2011.01.02"]

1. d4 e6 2. Nf3 d5 3. e3 Nf6 4. Bd3 Bd6 5. Nbd2 Nbd7 6. Qe2 h6 7. c3 a5 8. e4
dxe4 9. Nxe4 Nxe4 10. Bxe4 Nf6 11. Bd3 b6 12. O-O Bb7 13. Bd2 Qe7 14. a3 a4 15.
Rfe1 g5 16. Rac1 Nd7 17. Qd1 Qf6 18. Bb5 Bxf3 19. gxf3 g4 20. Bc6 Rg8 21. Kf1
gxf3 22. Qxf3 Qxf3 23. Bxf3 Ra5 24. d5 Ne5 25. Be4 exd5 26. Bb1 Kd8 27. Bxh6
Nf3 28. Red1 Nxh2+ 29. Ke2 Re8+ 30. Kd3 c5 31. Ba2 Nf3 32. Be3 c4+ 33. Ke2 Ne5
34. Bxb6+ Kd7 35. Bxa5 Nc6+ 36. Kf1 Nxa5 37. Rxd5 Nb3 38. Rcd1 Re6 39. Bxb3
axb3 40. f4 Kc6 41. f5 Rh6 42. Ke2 Bxa3 43. bxa3 b2 44. a4 b1=Q 45. Rxb1 Kxd5
46. Rb5+ Ke4 47. Kf2 Kd3 48. a5 Ra6 49. Kf3 Kxc3 50. Ke3 Kc2 51. Kd4 c3 52. Kc4
Kd2 53. Rd5+ Kc2 54. Kb5 Ra8 55. Kc6 Rb8 56. a6 Rb2 57. a7 Ra2 58. Kb7 Rb2+ 59.
Ka6 Kb1 60. a8=Q Ra2+ 61. Ra5 Rxa5+ 62. Kxa5 c2 63. Qe4 Kb2 64. Qd4+ Kb1 65.
Qd3 Kb2 66. Qd2 Kb1 67. Qb4+ Ka1 68. Qc3+ Kb1 69. Qb3+ Kc1 70. Qxf7 Kd1 71. Qb3
1-0

[Event "IV Festival Costa Viola B"]
[Site "Sant'Eufemia d'Aspromonte ITA"]
[Date "2011.01.02"]
[Round "1"]
[White "Quattrone, Andrea"]
[Black "Carlomagno, Vincenzo"]
[Result "0-1"]
[WhiteElo "1557"]
[BlackElo "1870"]
[PlyCount "44"]
[EventDate "2011.01.02"]

1. e4 c5 2. Nf3 d6 3. d4 cxd4 4. Nxd4 Nf6 5. Nc3 a6 6. Be2 e6 7. O-O Be7 8. a3
Qc7 9. Be3 O-O 10. Qd2 Nc6 11. Rfd1 Bd7 12. Rab1 Ne5 13. Bf4 Rac8 14. Nf3 Bc6
15. Nxe5 dxe5 16. Bg3 Nxe4 17. Nxe4 Bxe4 18. Bd3 Rfd8 19. Qe3 Bxd3 20. Bxe5
Qxc2 21. Rbc1 Qe2 22. Rxc8 Qxd1+ 0-1

[Event "IV Festival Costa Viola B"]
[Site "Sant'Eufemia d'Aspromonte ITA"]
[Date "2011.01.02"]
[Round "1"]
[White "Furnari, Francesco"]
[Black "Daniac, Federico"]
[Result "1-0"]
[WhiteElo "1856"]
[BlackElo "1551"]
[PlyCount "77"]
[EventDate "2011.01.02"]

1. e4 c5 2. Nf3 Nc6 3. d4 cxd4 4. Nxd4 g6 5. Nc3 Bg7 6. Be3 Nf6 7. f3 O-O 8.
Bc4 d6 9. Qd2 Bd7 10. h4 h5 11. Bb3 Ne5 12. O-O-O Rc8 13. Bh6 Nc4 14. Bxc4 Rxc4
15. Bxg7 Kxg7 16. Qe2 Rc5 17. Nb3 Rc7 18. e5 Ne8 19. exd6 Nxd6 20. g4 hxg4 21.
fxg4 Qc8 22. Qxe7 Bxg4 23. Qe5+ f6 24. Qxd6 Bxd1 25. Rxd1 Rff7 26. Qg3 Rc4 27.
h5 Rg4 28. Qh3 Qf5 29. hxg6 Qxg6 30. Nd4 Re7 31. Qf3 Qg5+ 32. Kb1 Rf4 33. Qh3
Kf7 34. Nce2 Rfe4 35. Qh7+ Kf8 36. Qh2 Qe5 37. Qh8+ Kf7 38. Rg1 Rxd4 39. Qg8#
1-0

[Event "IV Festival Costa Viola B"]
[Site "Sant'Eufemia d'Aspromonte ITA"]
[Date "2011.01.02"]
[Round "1"]
[White "Ziparo, Francesco"]
[Black "Rizzuti, Pasquale"]
[Result "0-1"]
[WhiteElo "1548"]
[BlackElo "1840"]
[PlyCount "62"]
[EventDate "2011.01.02"]

1. c4 Nf6 2. Nc3 g6 3. Nf3 Bg7 4. d4 d6 5. e4 O-O 6. Be2 e5 7. d5 Nbd7 8. b4 b6
9. Be3 Ng4 10. Bg5 f6 11. Bh4 a5 12. a3 Rf7 13. O-O h5 14. h3 Nh6 15. Nd2 g5
16. Bg3 h4 17. Bh2 Nf8 18. Bh5 Re7 19. Kh1 Kh7 20. Qe2 Ng6 21. Rfb1 Nf4 22.
Bxf4 exf4 23. f3 Nf5 24. Nf1 Nd4 25. Qd3 f5 26. exf5 Bxf5 27. Qd2 axb4 28. axb4
Rxa1 29. Rxa1 Nb3 30. Qb2 Nxa1 31. Qxa1 Qh8 0-1

[Event "IV Festival Costa Viola B"]
[Site "Sant'Eufemia d'Aspromonte ITA"]
[Date "2011.01.02"]
[Round "1"]
[White "Violi, Vincenzo"]
[Black "Palermiti, Francesco"]
[Result "1-0"]
[WhiteElo "1798"]
[BlackElo "1531"]
[PlyCount "44"]
[EventDate "2011.01.02"]

1. e4 e5 2. Nf3 Nc6 3. Bc4 Bc5 4. c3 a6 5. d4 exd4 6. cxd4 Ba7 7. O-O h6 8. Nc3
Nge7 9. d5 b5 10. Bxb5 axb5 11. dxc6 Nxc6 12. Nxb5 Ba6 13. Nxa7 Bxf1 14. Nxc6
dxc6 15. Qxf1 O-O 16. Bf4 Re8 17. Qc4 Qf6 18. e5 Qe6 19. Qxe6 fxe6 20. Nd4 Ra4
21. Be3 Rd8 22. Nxc6 Kh8 1-0

[Event "IV Festival Costa Viola B"]
[Site "Sant'Eufemia d'Aspromonte ITA"]
[Date "2011.01.02"]
[Round "1"]
[White "Luppino, Domenico"]
[Black "Rametta, Marcello"]
[Result "1/2-1/2"]
[WhiteElo "1512"]
[BlackElo "1741"]
[PlyCount "87"]
[EventDate "2011.01.02"]

1. e4 c5 2. Nf3 Nc6 3. d4 cxd4 4. Nxd4 Nxd4 5. Qxd4 a6 6. Nc3 e6 7. Bc4 b5 8.
Bb3 Bb7 9. f3 Rc8 10. Be3 Nf6 11. Rd1 Bc5 12. Qd2 Bxe3 13. Qxe3 O-O 14. O-O Qc7
15. Rd2 Rfe8 16. Qf2 b4 17. Na4 Rcd8 18. Rfd1 d5 19. Nc5 a5 20. Nxb7 Qxb7 21.
exd5 exd5 22. Qc5 Qa8 23. Bxd5 Nxd5 24. Rxd5 Rxd5 25. Rxd5 Qa6 26. Re5 Rd8 27.
Qd4 Qc8 28. Qe4 Qb8 29. Qe3 Qa8 30. Qc5 f6 31. Re4 Rd5 32. Qc4 Kf8 33. Rd4 Re5
34. Qd3 Qa7 35. Kf1 Qc5 36. Rd8+ Kf7 37. f4 Rf5 38. Qe4 Qb5+ 39. Kf2 h5 40. g3
g5 41. Rd3 Qc5+ 42. Re3 g4 43. Kg2 Kg6 44. Qe8+ 1/2-1/2

[Event "IV Festival Costa Viola B"]
[Site "Sant'Eufemia d'Aspromonte ITA"]
[Date "2011.01.02"]
[Round "1"]
[White "Scalise, Sandro"]
[Black "Battaglia, Domenica"]
[Result "0-1"]
[WhiteElo "1737"]
[BlackElo "1509"]
[PlyCount "82"]
[EventDate "2011.01.02"]

1. e4 e5 2. Nc3 Nc6 3. f4 d6 4. Nf3 Bg4 5. Bc4 Nd4 6. Bxf7+ Kd7 7. Nxe5+ dxe5
8. Qxg4+ Ke7 9. Bb3 Nf6 10. Qh4 Qd6 11. Nd5+ Kd7 12. Nxf6+ gxf6 13. Qg4+ Ke7
14. d3 Re8 15. fxe5 Qxe5 16. O-O Kd8 17. c3 Nc6 18. Rf5 Bc5+ 19. Kh1 Qe7 20.
Rd5+ Bd6 21. Bf4 Ne5 22. Qf5 Nd7 23. Bxd6 cxd6 24. Rf1 Rhg8 25. Rb5 Rg5 26. Qh3
Rxb5 27. Ba4 Rxb2 28. Qf5 Rxa2 29. Qb5 Nb6 30. Bb3 Rb2 31. c4 Qc7 32. Qb4 Rg8
33. g3 Qc5 34. Qc3 Qe5 35. Qb4 Kc7 36. Qa3 a6 37. Bd1 Rf8 38. Rf5 Qd4 39. c5
dxc5 40. Rxc5+ Kb8 41. Rf5 Qb4 0-1

[Event "IV Festival Costa Viola B"]
[Site "Sant'Eufemia d'Aspromonte ITA"]
[Date "2011.01.02"]
[Round "1"]
[White "Pallonetto, Cristofaro"]
[Black "Bruno, Elio"]
[Result "0-1"]
[WhiteElo "1506"]
[BlackElo "1671"]
[PlyCount "110"]
[EventDate "2011.01.02"]

1. e4 c5 2. Nf3 d6 3. d4 cxd4 4. Nxd4 Nf6 5. Nc3 a6 6. Be2 e6 7. O-O Be7 8. a3
b5 9. b4 Bb7 10. Bf3 Qc7 11. Bb2 O-O 12. Re1 Nbd7 13. g3 Ne5 14. Bg2 Rac8 15.
Nde2 Rfd8 16. Rc1 Qb6 17. Nf4 Nc4 18. Ba1 Nxa3 19. h3 Rc7 20. Qd3 Nc4 21. Qe2
Rdc8 22. Nd3 g6 23. Nd1 Na3 24. c3 Nh5 25. Kh2 Bf6 26. Bf3 Ng7 27. Qa2 Nc4 28.
Re2 Bg5 29. Rcc2 Ne8 30. N3b2 Ne5 31. Bg2 Nc6 32. Nd3 Bf6 33. Ne3 Bg7 34. Nf4
Ne5 35. Red2 Nf6 36. Rd4 Nc6 37. Rxd6 Bf8 38. Rd1 Bg7 39. Rcd2 Re8 40. Rd6 Bf8
41. R6d2 Rcc8 42. c4 Bg7 43. c5 Qc7 44. Ng4 Nxg4+ 45. hxg4 Bxa1 46. Qxa1 Rcd8
47. Nh3 Rxd2 48. Rxd2 Nxb4 49. Qf6 Qe7 50. Qd4 Nc6 51. Qc3 e5 52. f3 Nd4 53.
Bf1 Rc8 54. Qa5 Qxc5 55. Nf2 Nxf3+ 0-1

[Event "IV Festival Costa Viola B"]
[Site "Sant'Eufemia d'Aspromonte ITA"]
[Date "2011.01.02"]
[Round "1"]
[White "Carbone, Edoardo"]
[Black "Vazzana, Antonio"]
[Result "1-0"]
[WhiteElo "1647"]
[BlackElo "1497"]
[PlyCount "91"]
[EventDate "2011.01.02"]

1. d4 Nf6 2. c4 e6 3. Nc3 Bb4 4. Qc2 O-O 5. a3 Bxc3+ 6. Qxc3 b6 7. Nf3 d5 8. e3
Ba6 9. Bd3 dxc4 10. Bxc4 Bxc4 11. Qxc4 Nbd7 12. b4 c5 13. O-O cxb4 14. Qxb4 Rc8
15. Bd2 Rc2 16. Qb3 Qc7 17. Rfc1 Rxc1+ 18. Rxc1 Qb7 19. Qc2 Nd5 20. Ng5 g6 21.
e4 N5f6 22. Qc7 Rb8 23. Qxb7 Rxb7 24. e5 Nd5 25. Ne4 Rc7 26. Rxc7 Nxc7 27. Nd6
Kf8 28. Kf1 Ne8 29. Bh6+ Ng7 30. Ke2 Kg8 31. g4 a6 32. Kd3 Nb8 33. Kc4 Nc6 34.
Bd2 h5 35. h3 hxg4 36. hxg4 Kf8 37. Nc8 b5+ 38. Kc5 Nxd4 39. Kxd4 f5 40. exf6
Ne8 41. Ke5 Nc7 42. Kd6 Ne8+ 43. Kxe6 Nc7+ 44. Ke5 Kf7 45. Nd6+ Kf8 46. Bh6+
1-0

[Event "IV Festival Costa Viola B"]
[Site "Sant'Eufemia d'Aspromonte ITA"]
[Date "2011.01.02"]
[Round "1"]
[White "Chite', Carmelo"]
[Black "Greco, Simone"]
[Result "1-0"]
[WhiteElo "1467"]
[BlackElo "1605"]
[PlyCount "125"]
[EventDate "2011.01.02"]

1. d4 Nf6 2. Nc3 g6 3. Bg5 Bg7 4. Nf3 d6 5. e4 O-O 6. Qd2 c5 7. d5 a6 8. Bh6 e6
9. Bxg7 Kxg7 10. O-O-O e5 11. Be2 b5 12. Qe1 b4 13. Nb1 Nxe4 14. Bc4 Nf6 15.
Nbd2 Bb7 16. h4 h5 17. Ne4 a5 18. Nfg5 Ba6 19. Bxa6 Rxa6 20. f3 Nbd7 21. Qe2
Qb6 22. g4 a4 23. Qc4 Rb8 24. Rd3 Qb5 25. Qxb5 Rxb5 26. c4 Rb8 27. gxh5 Nxh5
28. Nh3 Ndf6 29. Nxf6 Nxf6 30. f4 exf4 31. Nxf4 b3 32. a3 Ra7 33. h5 Rh8 34.
Rdh3 g5 35. h6+ Kg8 36. Rg1 Nh7 37. Nh5 f6 38. Re1 Kf8 39. Re6 Re7 40. Rxd6 Kf7
41. Rf3 Re1+ 42. Kd2 Rb1 43. Kc3 Rc1+ 44. Kd2 Rc2+ 45. Kd1 Kg6 46. Nxf6 Nxf6
47. Rfxf6+ Kh5 48. Rf3 Rxb2 49. Kc1 Rh2 50. Rc6 Re8 51. Rf1 Ree2 52. h7 Kg4 53.
Rg1+ Kf3 54. Rf6+ Ke3 55. Re6+ Kf2 56. Rxe2+ Kxe2 57. Rg2+ Rxg2 58. h8=Q Rg1+
59. Kb2 Kd3 60. Qh3+ Kd4 61. Qc3+ Ke4 62. Qd2 g4 63. Qe2+ 1-0

[Event "IV Festival Costa Viola B"]
[Site "Sant'Eufemia d'Aspromonte ITA"]
[Date "2011.01.02"]
[Round "1"]
[White "Paragliola, Gennaro"]
[Black "Fariselli, Umberto"]
[Result "1-0"]
[WhiteElo "1603"]
[BlackElo "1410"]
[PlyCount "71"]
[EventDate "2011.01.02"]

1. d4 d5 2. c4 c6 3. cxd5 cxd5 4. Nc3 Nf6 5. Nf3 Nc6 6. Bg5 e6 7. e3 Be7 8. Bd3
h6 9. Bh4 a6 10. Rc1 Bd7 11. O-O b5 12. a3 Qc7 13. Na2 Qd8 14. Bb1 Rc8 15. h3
Ne4 16. Bxe7 Qxe7 17. Nc3 Nf6 18. Ne2 Nh5 19. Rc5 f5 20. Qc2 Nf6 21. Ne5 Nxe5
22. Rxc8+ Bxc8 23. Qxc8+ Kf7 24. Qxh8 Ng8 25. dxe5 Qc7 26. f4 Qc5 27. Kf2 b4
28. Rc1 Qb6 29. axb4 Ne7 30. Nd4 Qxb4 31. Bd3 Qd2+ 32. Ne2 Qb4 33. Bxa6 Qxb2
34. Rc7 Qb4 35. Qd8 Qa3 36. Qd6 1-0

[Event "IV Festival Costa Viola B"]
[Site "Sant'Eufemia d'Aspromonte ITA"]
[Date "2011.01.02"]
[Round "1"]
[White "Attina', Rodolfo"]
[Black "Arcidiaco, Francesco"]
[Result "0-1"]
[WhiteElo "1386"]
[BlackElo "1602"]
[PlyCount "68"]
[EventDate "2011.01.02"]

1. d4 Nf6 2. Bf4 d6 3. c4 g6 4. Nf3 Bg7 5. g3 O-O 6. Bg2 c5 7. O-O cxd4 8. Nxd4
Qb6 9. Qd2 e5 10. Be3 exd4 11. Bxd4 Qc7 12. Na3 a6 13. Qc3 Nbd7 14. b4 Rb8 15.
f4 Nh5 16. f5 Bxd4+ 17. Qxd4 Ne5 18. fxg6 hxg6 19. Bd5 Ng7 20. e4 Bg4 21. Qf2
Be6 22. Bxe6 fxe6 23. Qe2 Qb6+ 24. Kg2 Qxb4 25. Nc2 Qxc4 26. Qxc4 Nxc4 27. Nd4
Ne3+ 28. Kg1 Nxf1 29. Rxf1 Rxf1+ 30. Kxf1 Kf7 31. g4 Rc8 32. Ke2 e5 33. Nf3
Rc2+ 34. Kd3 Rxa2 0-1

[Event "IV Festival Costa Viola B"]
[Site "Sant'Eufemia d'Aspromonte ITA"]
[Date "2011.01.02"]
[Round "1"]
[White "Mileo, Miguelito"]
[Black "Minucci, Veronica"]
[Result "1-0"]
[WhiteElo "1602"]
[BlackElo "1377"]
[PlyCount "69"]
[EventDate "2011.01.02"]

1. d4 d5 2. Bf4 Nc6 3. e3 Nf6 4. Nf3 Bf5 5. c4 e6 6. a3 Be7 7. Nc3 O-O 8. Be2
h6 9. h3 a6 10. O-O Na5 11. Ne5 Bd6 12. c5 Bxe5 13. Bxe5 c6 14. Rc1 Nc4 15.
Bxc4 dxc4 16. Na4 b5 17. cxb6 Bd3 18. Re1 Nd7 19. Bc7 Qe8 20. b4 f6 21. Nb2 Qg6
22. Nxd3 cxd3 23. Rxc6 Rfe8 24. Qb3 Nf8 25. Rd1 Kh8 26. Rxd3 a5 27. Rdc3 axb4
28. Qxb4 Qh5 29. Rc1 e5 30. b7 Ra7 31. b8=Q Rxb8 32. Qxb8 Rxc7 33. Qxf8+ Kh7
34. Rxc7 Qg6 35. Rc8 1-0

[Event "IV Festival Costa Viola B"]
[Site "Sant'Eufemia d'Aspromonte ITA"]
[Date "2011.01.02"]
[Round "1"]
[White "Laurendi, Angela"]
[Black "Martino, Giovanni"]
[Result "0-1"]
[WhiteElo "1344"]
[BlackElo "1584"]
[PlyCount "112"]
[EventDate "2011.01.02"]

1. e4 c5 2. Nf3 d6 3. Bc4 Nf6 4. Ng5 e6 5. d3 a6 6. Bd2 Be7 7. Qf3 Qc7 8. Bf4
b5 9. Bb3 Bd7 10. e5 Bc6 11. Ne4 Nxe4 12. dxe4 dxe5 13. Be3 c4 14. Nd2 cxb3 15.
axb3 Bb7 16. Qg3 Bf6 17. Bg5 Bxg5 18. Qxg5 O-O 19. Nf3 Bxe4 20. Qxe5 Qxe5 21.
Nxe5 Bxg2 22. Rg1 Be4 23. Rc1 Nc6 24. Nd7 Nd4 25. Nf6+ Kh8 26. Nxe4 Nf3+ 27.
Ke2 Nxg1+ 28. Rxg1 b4 29. c3 Rab8 30. Nc5 Rb5 31. Nxa6 bxc3 32. bxc3 Rxb3 33.
Rc1 Rc8 34. Kd2 Ra8 35. Kc2 Ra3 36. Nb4 Kg8 37. c4 R8a4 38. Kb2 Rf3 39. Rc2
Rxb4+ 40. Kc1 Rf4 41. Rd2 Rfxc4+ 42. Kd1 Rd4 43. Ke2 Rxd2+ 44. Kxd2 f5 45. Kd3
e5 46. f3 e4+ 47. fxe4 fxe4+ 48. Ke3 Kf7 49. Kf4 Ke6 50. h4 Kd5 51. Ke3 Rb3+
52. Kd2 Kc4 53. Kd1 Rb2 54. Ke1 e3 55. Kd1 Kd3 56. Ke1 Rb1# 0-1

[Event "IV Festival Costa Viola B"]
[Site "Sant'Eufemia d'Aspromonte ITA"]
[Date "2011.01.03"]
[Round "2"]
[White "Arcidiaco, Francesco"]
[Black "Della Rocca, Giorgio"]
[Result "0-1"]
[WhiteElo "1602"]
[BlackElo "1881"]
[PlyCount "62"]
[EventDate "2011.01.02"]

1. d4 Nf6 2. Nf3 g6 3. e3 Bg7 4. Bd3 c5 5. c3 cxd4 6. exd4 O-O 7. h3 Nc6 8. Bf4
d6 9. Qd2 e5 10. Bg5 e4 11. d5 exf3 12. dxc6 fxg2 13. Rg1 Re8+ 14. Be3 Nd5 15.
cxb7 Bxb7 16. Kd1 Nxe3+ 17. fxe3 Bh6 18. Re1 Bxe3 19. Qe2 g1=Q 20. Rxg1 Bxg1
21. Qf1 Qg5 22. Nd2 Be3 23. Nc4 Bg2 24. Qe2 Bg1 25. Qd2 Qxd2+ 26. Kxd2 Bh2 27.
h4 Bf4+ 28. Kc2 Be4 29. Rf1 Bg3 30. Bxe4 Rxe4 31. h5 Rxc4 0-1

[Event "IV Festival Costa Viola B"]
[Site "Sant'Eufemia d'Aspromonte ITA"]
[Date "2011.01.03"]
[Round "2"]
[White "Tricomi, Massimo"]
[Black "Carbone, Edoardo"]
[Result "1/2-1/2"]
[WhiteElo "1881"]
[BlackElo "1647"]
[PlyCount "112"]
[EventDate "2011.01.02"]

1. c4 Nf6 2. g3 e6 3. Bg2 Be7 4. Nc3 d5 5. cxd5 exd5 6. d4 O-O 7. Nf3 c6 8. O-O
h6 9. Qc2 Be6 10. Qb3 Qc8 11. Bd2 Na6 12. Rac1 Ne4 13. Qc2 Nxd2 14. Qxd2 Qd8
15. a3 Nc7 16. Na4 Na6 17. b4 Re8 18. Nc5 Nxc5 19. dxc5 Qc7 20. Nd4 Bg4 21. Qd3
Bf6 22. e3 Bxd4 23. Qxd4 Bd7 24. Rfe1 Qe5 25. Rcd1 Qxd4 26. Rxd4 f5 27. Bh3
Rad8 28. Rb1 a6 29. a4 Re4 30. Rbd1 Rxd4 31. Rxd4 Kf7 32. Kg2 Kf6 33. Kf3 g5
34. Bf1 Ra8 35. Bd3 Kg7 36. Ke2 Kf6 37. Kd2 Be8 38. h4 Bd7 39. hxg5+ hxg5 40.
e4 fxe4 41. Bxe4 Ke5 42. Ke3 g4 43. Bd3 Rf8 44. Rf4 d4+ 45. Kd2 Rxf4 46. gxf4+
Kxf4 47. Be2 Bf5 48. b5 axb5 49. axb5 cxb5 50. Bxb5 Kf3 51. Ke1 d3 52. c6 bxc6
53. Bxc6+ Be4 54. Bd7 Kf4 55. Kd2 Kf3 56. Ke1 Kf4 1/2-1/2

[Event "IV Festival Costa Viola B"]
[Site "Sant'Eufemia d'Aspromonte ITA"]
[Date "2011.01.03"]
[Round "2"]
[White "Martino, Giovanni"]
[Black "Serratore, Vincenzo"]
[Result "0-1"]
[WhiteElo "1584"]
[BlackElo "1874"]
[PlyCount "70"]
[EventDate "2011.01.02"]

1. e4 e5 2. Nf3 Nc6 3. Bb5 Nge7 4. O-O g6 5. c3 Bg7 6. d4 a6 7. Ba4 b5 8. Bc2
d6 9. h3 O-O 10. Bg5 f6 11. Be3 Bd7 12. Qc1 Qc8 13. Kh2 f5 14. Bh6 f4 15. Bb3+
Kh8 16. Bxg7+ Kxg7 17. a4 Qb7 18. d5 Na5 19. Bc2 Rab8 20. axb5 Qb6 21. b4 Nc4
22. bxa6 Bb5 23. Re1 Qxf2 24. Bd3 Ne3 25. Qd2 Qxd2 26. Nbxd2 Bxd3 27. c4 Nc2
28. Ng5 Rfc8 29. Ne6+ Kf7 30. a7 Ra8 31. b5 Nxe1 32. Rxe1 Rxa7 33. Ng5+ Kg8 34.
g3 Ra2 35. Rd1 Bxc4 0-1

[Event "IV Festival Costa Viola B"]
[Site "Sant'Eufemia d'Aspromonte ITA"]
[Date "2011.01.03"]
[Round "2"]
[White "Carlomagno, Vincenzo"]
[Black "Paragliola, Gennaro"]
[Result "1-0"]
[WhiteElo "1870"]
[BlackElo "1603"]
[PlyCount "37"]
[EventDate "2011.01.02"]

1. e4 e6 2. d3 Nc6 3. Nf3 d5 4. Nbd2 dxe4 5. dxe4 Nf6 6. Bb5 g6 7. Ne5 Bd7 8.
Nxc6 bxc6 9. Bd3 Bg7 10. O-O O-O 11. Nc4 Rb8 12. Be3 Ra8 13. Qe2 Ne8 14. Bc5
Nd6 15. e5 Nxc4 16. Bxf8 Nxe5 17. Bxg7 Nxd3 18. Bc3 Qg5 19. Qxd3 1-0

[Event "IV Festival Costa Viola B"]
[Site "Sant'Eufemia d'Aspromonte ITA"]
[Date "2011.01.03"]
[Round "2"]
[White "Battaglia, Domenica"]
[Black "Furnari, Francesco"]
[Result "0-1"]
[WhiteElo "1509"]
[BlackElo "1856"]
[PlyCount "80"]
[EventDate "2011.01.02"]

1. e4 e5 2. Nf3 Nc6 3. Nc3 Bc5 4. Bc4 Nf6 5. d3 d6 6. h3 O-O 7. Ne2 Na5 8. Bb3
Nxb3 9. axb3 h6 10. Ng3 Qe7 11. Be3 Bxe3 12. fxe3 d5 13. O-O dxe4 14. Nxe4 Nxe4
15. dxe4 f6 16. Qe2 Be6 17. Nh4 Kh7 18. Nf5 Qc5 19. Kh2 a6 20. Qf3 Rad8 21.
Rac1 Rd2 22. Rf2 Rfd8 23. Rxd2 Rxd2 24. Qg3 g5 25. h4 Rxc2 26. Rxc2 Qxc2 27.
hxg5 Bxf5 28. exf5 Qxf5 29. gxh6 Qh5+ 30. Qh3 Qxh3+ 31. Kxh3 Kxh6 32. Kg4 Kg6
33. e4 a5 34. g3 b5 35. Kf3 Kg5 36. Ke3 Kg4 37. Kf2 c5 38. Kg2 a4 39. bxa4 bxa4
40. Kf2 c4 0-1

[Event "IV Festival Costa Viola B"]
[Site "Sant'Eufemia d'Aspromonte ITA"]
[Date "2011.01.03"]
[Round "2"]
[White "Rizzuti, Pasquale"]
[Black "Mileo, Miguelito"]
[Result "1/2-1/2"]
[WhiteElo "1840"]
[BlackElo "1602"]
[PlyCount "82"]
[EventDate "2011.01.02"]

1. b3 d5 2. Bb2 Bf5 3. Nf3 e6 4. g3 Nf6 5. Bg2 Be7 6. d3 h6 7. Nbd2 O-O 8. O-O
Bh7 9. c4 c6 10. Rc1 Nbd7 11. cxd5 cxd5 12. Re1 Qa5 13. a4 Rac8 14. h3 Bb4 15.
Rf1 Rc7 16. Rxc7 Qxc7 17. Qc1 Qb8 18. Qb1 a5 19. Rc1 Rc8 20. Rxc8+ Qxc8 21. Nf1
Nh5 22. Ne3 Qb8 23. Qc1 Bc5 24. Kh2 Qa7 25. d4 Bd6 26. Qc8+ Nf8 27. Ne5 Qb8 28.
Qxb8 Bxb8 29. Ba3 Nf6 30. f3 N8d7 31. Nxd7 Nxd7 32. f4 Nf6 33. Kg1 Ne4 34. Bxe4
Bxe4 35. Bc5 Bc7 36. Kf2 b6 37. Ba3 f6 38. h4 Kf7 39. Bb2 Bd6 40. Bc3 h5 41.
Bd2 Ba3 1/2-1/2

[Event "IV Festival Costa Viola B"]
[Site "Sant'Eufemia d'Aspromonte ITA"]
[Date "2011.01.03"]
[Round "2"]
[White "Pratico', Paolo"]
[Black "Violi, Vincenzo"]
[Result "0-1"]
[WhiteElo "1257"]
[BlackElo "1798"]
[PlyCount "84"]
[EventDate "2011.01.02"]

1. e4 c5 2. Bc4 a6 3. Ne2 e6 4. O-O b5 5. Bxe6 dxe6 6. d3 Bb7 7. Nd2 Nf6 8. c3
Qxd3 9. a4 Nxe4 10. axb5 axb5 11. Ra3 c4 12. Rxa8 Bxa8 13. Nf4 Qd6 14. g3 Nxd2
15. Bxd2 Qc6 16. f3 Bc5+ 17. Kh1 O-O 18. h4 Nd7 19. Be1 Ne5 20. Kg2 Ng4 21. Qe2
Ne3+ 22. Kh3 Nxf1 23. Qxf1 Qxf3 24. Qxf3 Bxf3 25. g4 Rd8 26. Bg3 Rd2 27. h5
Rxb2 28. g5 b4 29. cxb4 Bxb4 30. Kh4 c3 31. Nd3 Rb3 32. Nc1 Rb1 33. Bf4 c2 34.
Kg3 Bxh5 35. Nd3 Be1+ 36. Nxe1 Rxe1 37. Kf2 c1=Q 38. Bxc1 Rxc1 39. Kg3 Rc3+ 40.
Kf2 e5 41. Ke1 Rc2 42. Kf1 e4 0-1

[Event "IV Festival Costa Viola B"]
[Site "Sant'Eufemia d'Aspromonte ITA"]
[Date "2011.01.03"]
[Round "2"]
[White "Bruno, Elio"]
[Black "Chite', Carmelo"]
[Result "1-0"]
[WhiteElo "1671"]
[BlackElo "1467"]
[PlyCount "63"]
[EventDate "2011.01.02"]

1. e4 d5 2. exd5 Qxd5 3. Nc3 Qd6 4. d4 Nf6 5. h3 a6 6. Nf3 e6 7. Be2 b5 8. a3
Bb7 9. O-O Nbd7 10. Be3 Nd5 11. Nxd5 Bxd5 12. b3 Nb6 13. Qd2 Be7 14. Bf4 Qd8
15. Ne5 O-O 16. c4 bxc4 17. bxc4 Bb7 18. Rfb1 Rb8 19. a4 Bf6 20. Ra2 Bxe5 21.
Bxe5 f6 22. Bg3 Qe7 23. Rab2 Be4 24. Ra1 e5 25. dxe5 fxe5 26. Qe3 Nxc4 27.
Bxc4+ Kh8 28. Rxb8 Rxb8 29. Qxe4 Re8 30. Bxa6 c5 31. Bb5 Rf8 32. Qxe5 1-0

[Event "IV Festival Costa Viola B"]
[Site "Sant'Eufemia d'Aspromonte ITA"]
[Date "2011.01.03"]
[Round "2"]
[White "Rametta, Marcello"]
[Black "Zarzaca, Antonio"]
[Result "1-0"]
[WhiteElo "1741"]
[BlackElo "1502"]
[PlyCount "94"]
[EventDate "2011.01.02"]

1. e4 c6 2. d4 d5 3. exd5 cxd5 4. h3 Nc6 5. Nf3 a6 6. Bd2 Nf6 7. Nc3 Bf5 8. Be2
h6 9. Be3 Nb4 10. Rc1 e6 11. a3 Nc6 12. O-O Be7 13. Bd3 Bxd3 14. Qxd3 O-O 15.
Ne2 Na5 16. Nf4 Nc4 17. b4 Ne4 18. Ne5 Rc8 19. Nxc4 Rxc4 20. c3 Qc7 21. Ne2 Rc8
22. Bd2 Rc6 23. f3 Nd6 24. Bf4 Qd7 25. Rc2 Nf5 26. Rfc1 b5 27. g4 Nh4 28. Bg3
Ng6 29. f4 f5 30. Rf1 Rf8 31. Be1 Qd8 32. Bd2 Bh4 33. Kg2 Qe8 34. Ng3 Bxg3 35.
Kxg3 Qe7 36. Kh2 Qf6 37. Qg3 Qh4 38. Qxh4 Nxh4 39. Kg3 Ng6 40. g5 hxg5 41. fxg5
e5 42. dxe5 Nxe5 43. Be3 g6 44. Bd4 Nc4 45. Re2 Nxa3 46. Re7 Rf7 47. Re8+ Kh7
1-0

[Event "IV Festival Costa Viola B"]
[Site "Sant'Eufemia d'Aspromonte ITA"]
[Date "2011.01.03"]
[Round "2"]
[White "Greco, Simone"]
[Black "Luppino, Domenico"]
[Result "1-0"]
[WhiteElo "1605"]
[BlackElo "1512"]
[PlyCount "89"]
[EventDate "2011.01.02"]

1. e4 e5 2. Nf3 Nc6 3. Bb5 d6 4. d4 Bd7 5. O-O Nf6 6. Nc3 Be7 7. Re1 O-O 8.
Bxc6 Bxc6 9. dxe5 dxe5 10. Qxd8 Raxd8 11. Nxe5 Bd7 12. Nxd7 Rxd7 13. Bg5 Re8
14. e5 Nd5 15. Rad1 Bxg5 16. Rxd5 Rxd5 17. Nxd5 c6 18. Nc3 Re6 19. Re4 Bc1 20.
Na4 f6 21. f4 Kf7 22. b3 Ba3 23. b4 b6 24. Kf2 c5 25. bxc5 Bxc5+ 26. Nxc5 bxc5
27. Ke3 fxe5 28. Rxe5 Rxe5+ 29. fxe5 Ke6 30. Ke4 g6 31. c4 a6 32. h4 h6 33. g4
h5 34. g5 a5 35. a4 Kd7 36. Kd5 Ke7 37. Kxc5 Ke6 38. Kd4 Kf5 39. Kd5 Kg4 40. e6
Kxh4 41. e7 Kxg5 42. e8=Q h4 43. c5 h3 44. c6 h2 45. Qh8 1-0